| 000 | 00403nam a2200169Ia 4500 | ||
|---|---|---|---|
| 008 | 230524s9999 xx 000 0 und d | ||
| 020 | _a9780070499447 | ||
| 082 |
_a621.392 _bPER |
||
| 100 | _aDouglas L.Perry | ||
| 245 | 0 | _aVHDL Programming by Example | |
| 250 | _a4TH | ||
| 260 |
_aNEW DELHI _bTMH _c2004 |
||
| 300 | _aXI;466 | ||
| 500 | _aQuantity Number: 62 | ||
| 650 | _aComp-Sc | ||
| 942 | _cBK | ||
| 999 |
_c28737 _d28737 |
||